[Event "24th Abu Dhabi Masters"]
[Site "Abu Dhabi UAE"]
[Date "2017.08.21"]
[Round "8.57"]
[White "Priyanka, K"]
[Black "Mrudul, Dehankar"]
[Result "1/2-1/2"]
[BlackTitle "WCM"]
[WhiteElo "2106"]
[BlackElo "2155"]
[WhiteFideId "5082986"]
[BlackFideId "25096990"]
[EventDate "2017.08.14"]

1. e4 c6 2. d4 d5 3. exd5 cxd5 4. Bd3 Nc6 5. c3 Qc7 6. h3 Nf6 7. Nf3 g6 8. O-O
Bg7 9. Bg5 O-O 10. Re1 Bf5 11. Bxf5 gxf5 12. Qc1 Ne4 13. Bf4 Qb6 14. Ng5 Rac8
15. Nxe4 fxe4 16. Qd2 Nd8 17. a4 a6 18. a5 Qe6 19. Qe3 f5 20. Nd2 Qf7 21. Nf1
Ne6 22. g3 Qg6 23. Kh2 Bf6 24. Nd2 Kh8 25. Rg1 Rg8 26. Rae1 Rcf8 27. Qe2 Rf7 28.
Be3 Rfg7 29. f4 Qe8 30. Bf2 Qb8 31. Be3 Qc7 32. Ra1 Rg6 33. Qh5 Ng7 34. Qe2 Ne6
35. Qh5 Ng7 36. Qe2 Rh6 37. Nb3 Ne6 1/2-1/2

[Event "24th Abu Dhabi Masters"]
[Site "Abu Dhabi UAE"]
[Date "2017.08.21"]
[Round "8.58"]
[White "Kavinda, Akila"]
[Black "Michelle Catherina, P"]
[Result "1/2-1/2"]
[BlackTitle "WIM"]
[WhiteElo "2124"]
[BlackElo "2101"]
[WhiteFideId "9901302"]
[BlackFideId "5005736"]
[EventDate "2017.08.14"]

1. d4 Nf6 2. Nf3 e6 3. c4 Bb4+ 4. Nbd2 O-O 5. a3 Be7 6. e3 d5 7. Bd3 a5 8. O-O
c5 9. b3 b6 10. Bb2 Nbd7 11. Qe2 Bb7 12. Rfd1 Qb8 13. Ne5 Nxe5 14. dxe5 Nd7 15.
f4 Rd8 16. Rf1 g6 17. a4 Qc7 18. cxd5 Bxd5 19. Rad1 Nb8 20. Ba1 Bb7 21. Nc4 Ba6
22. Nd6 Bxd3 23. Rxd3 Nc6 24. Rfd1 Qb8 25. Bc3 Qc7 26. R1d2 Nb4 27. Bxb4 axb4
28. Kf2 Qc6 29. e4 Bf8 30. Nb5 Be7 31. Rxd8+ Rxd8 32. Rxd8+ Bxd8 33. Qd3 Be7 34.
Na7 Qb7 35. Nb5 Qc6 36. Ke3 h5 37. Nd6 f6 38. Qb5 Qxb5 39. axb5 fxe5 40. fxe5
Bxd6 41. exd6 Kf7 42. e5 Ke8 43. h4 Kd7 44. Kd3 Kd8 45. g3 Kd7 46. Kc2 Kd8 47.
Kb2 Kd7 1/2-1/2

[Event "24th Abu Dhabi Masters"]
[Site "Abu Dhabi UAE"]
[Date "2017.08.21"]
[Round "8.59"]
[White "Al-Zaabi, Sultan"]
[Black "Llano Olabarrieta, Joseba"]
[Result "1/2-1/2"]
[WhiteTitle "CM"]
[WhiteElo "1747"]
[BlackElo "2135"]
[WhiteFideId "9307583"]
[BlackFideId "32018240"]
[EventDate "2017.08.14"]

1. d4 Nf6 2. Nf3 e6 3. g3 c5 4. Bg2 cxd4 5. O-O Qc7 6. Nxd4 a6 7. Nc3 Be7 8. e4
d6 9. Qe2 O-O 10. Be3 Nc6 11. f4 Bd7 12. f5 Rac8 13. Bh3 Nxd4 14. Bxd4 Qc4 15.
Qd3 b5 16. a3 a5 17. e5 dxe5 18. Qxc4 Rxc4 19. Bxe5 Bc5+ 20. Kh1 Ng4 21. b3 Bc6+
22. Bg2 Bxg2+ 23. Kxg2 Ne3+ 24. Kh3 Rxc3 25. Bxc3 Nxf1 26. Rxf1 b4 27. axb4 axb4
28. Bb2 Rd8 29. fxe6 fxe6 30. Re1 Rd2 31. Rxe6 Rxc2 32. Ba1 Bg1 33. Re8+ Kf7 34.
Rb8 Rxh2+ 35. Kg4 1/2-1/2

[Event "24th Abu Dhabi Masters"]
[Site "Abu Dhabi UAE"]
[Date "2017.08.21"]
[Round "8.60"]
[White "Bhagwat, Vinod"]
[Black "Alothman, Abdul Wahab"]
[Result "1/2-1/2"]
[WhiteTitle "CM"]
[BlackTitle "CM"]
[WhiteElo "2109"]
[BlackElo "2047"]
[WhiteFideId "5005949"]
[BlackFideId "10300015"]
[EventDate "2017.08.14"]

1. d4 d5 2. Bf4 Nf6 3. e3 c5 4. c3 Nc6 5. Nd2 Bf5 6. Qb3 Qb6 7. dxc5 Qxb3 8.
axb3 e5 9. Bg5 Bxc5 10. b4 Bb6 11. Bxf6 gxf6 12. Ne2 O-O-O 13. Ng3 Be6 14. b5
Ne7 15. Nb1 1/2-1/2

[Event "24th Abu Dhabi Masters"]
[Site "Abu Dhabi UAE"]
[Date "2017.08.22"]
[Round "9.1"]
[White "Short, Nigel D"]
[Black "Amin, Bassem"]
[Result "1/2-1/2"]
[WhiteTitle "GM"]
[BlackTitle "GM"]
[WhiteElo "2688"]
[BlackElo "2680"]
[WhiteFideId "400025"]
[BlackFideId "10601457"]
[EventDate "2017.08.14"]

1. e4 e5 2. Nf3 Nc6 3. Bb5 a6 4. Ba4 Nf6 5. O-O Be7 6. Re1 b5 7. Bb3 d6 8. c3
O-O 9. h3 Nb8 10. d3 c5 11. Nbd2 Bb7 12. Nf1 Nbd7 13. Ng3 Re8 14. a4 Rc8 15.
axb5 axb5 16. Nf5 c4 17. dxc4 bxc4 18. Bc2 Nc5 19. Bg5 Bf8 20. Nd2 h6 21. Bxf6
Qxf6 22. Ne3 Red8 23. Qe2 Qg6 24. Qxc4 Ne6 25. Qf1 Ng5 26. Ra7 Bxe4 27. Nxe4
Nf3+ 28. Kh1 Nxe1 29. Qxe1 d5 30. Ng3 Qb6 31. Ra2 d4 32. Nef1 g6 33. h4 h5 34.
Ne4 Be7 35. f3 Ra8 36. Ba4 Qe6 37. b3 dxc3 38. Rc2 Bb4 39. Ne3 Rd4 40. Kh2 Kg7
41. Re2 f5 42. Ng5 Qd6 43. Nc2 e4+ 44. Qg3 Rd2 45. Bb5 1/2-1/2

[Event "24th Abu Dhabi Masters"]
[Site "Abu Dhabi UAE"]
[Date "2017.08.22"]
[Round "9.3"]
[White "Rozum, Ivan"]
[Black "Korobov, Anton"]
[Result "0-1"]
[WhiteTitle "GM"]
[BlackTitle "GM"]
[WhiteElo "2579"]
[BlackElo "2668"]
[WhiteFideId "24104272"]
[BlackFideId "14105730"]
[EventDate "2017.08.14"]

1. Nf3 Nf6 2. g3 d5 3. Bg2 e6 4. O-O b5 5. d3 Bb7 6. Nd4 a6 7. Nb3 c5 8. c4 Nbd7
9. Qe1 Rc8 10. Qa5 Qxa5 11. Nxa5 Ba8 12. Na3 bxc4 13. dxc4 Be7 14. e3 O-O 15.
Rd1 Rfd8 16. Bd2 Ne4 17. cxd5 exd5 18. Bxe4 dxe4 19. N3c4 Rb8 20. Bc3 f6 21. Rd2
Nf8 22. Rxd8 Bxd8 23. Rd1 Be7 24. g4 g6 25. h4 Rd8 26. Rxd8 Bxd8 27. Nd6 Bd5 28.
Nb3 Nd7 29. Nd2 Be6 30. g5 fxg5 31. hxg5 Bxg5 32. N2xe4 Be7 33. a3 Kf8 34. Ba5
Bd5 35. Nc3 Bc6 36. Nde4 Kf7 37. f4 Ke6 38. Ng3 h5 39. f5+ Kf7 40. Bc7 Bf6 41.
Kh2 Ne5 42. fxg6+ Kxg6 43. Nge4 Ng4+ 44. Kg3 Be7 45. Kf4 Bf8 46. Bd6 Bh6+ 47.
Kg3 Nxe3 48. Bxc5 Nf5+ 49. Kh3 Bf4 50. b4 Bd7 51. Kg2 h4 52. Nf2 Kh5 53. a4 Be5
54. Nfe4 h3+ 55. Kf3 Bxc3 56. Nxc3 Bc6+ 0-1

[Event "24th Abu Dhabi Masters"]
[Site "Abu Dhabi UAE"]
[Date "2017.08.22"]
[Round "9.4"]
[White "Stupak, Kirill"]
[Black "Efimenko, Zahar"]
[Result "1/2-1/2"]
[WhiteTitle "GM"]
[BlackTitle "GM"]
[WhiteElo "2573"]
[BlackElo "2636"]
[WhiteFideId "13503758"]
[BlackFideId "14107201"]
[EventDate "2017.08.14"]

1. d4 Nf6 2. c4 c5 3. d5 g6 4. Nc3 Bg7 5. Nf3 d6 6. g3 O-O 7. Bg2 e6 8. O-O exd5
9. cxd5 Re8 10. Nd2 a6 11. a4 Nbd7 12. h3 Nh5 13. Nce4 Ndf6 14. Nc3 Nd7 15. Nce4
Bf8 16. Nc4 Ne5 17. Nxe5 Rxe5 18. Nd2 Re8 19. Nc4 f5 20. Re1 Bd7 21. a5 Bb5 22.
Qc2 Bg7 23. Ra3 Nf6 24. b3 Ne4 25. Bf4 Bd4 26. Bxe4 Rxe4 27. h4 Rxf4 28. gxf4
Qxh4 29. e3 Re8 30. Rb1 Re4 31. Qd1 Rxf4 32. exf4 Qg3+ 33. Kh1 Qh3+ 34. Kg1 Qg3+
35. Kh1 Qh3+ 36. Kg1 Qg3+ 1/2-1/2

[Event "24th Abu Dhabi Masters"]
[Site "Abu Dhabi UAE"]
[Date "2017.08.22"]
[Round "9.6"]
[White "Parligras, Mircea-Emilian"]
[Black "Puranik, Abhimanyu"]
[Result "1-0"]
[WhiteTitle "GM"]
[BlackTitle "IM"]
[WhiteElo "2616"]
[BlackElo "2495"]
[WhiteFideId "1204297"]
[BlackFideId "5061245"]
[EventDate "2017.08.14"]

1. d4 Nf6 2. c4 g6 3. Nc3 d5 4. cxd5 Nxd5 5. e4 Nxc3 6. bxc3 Bg7 7. Nf3 c5 8. h3
O-O 9. Be3 Nc6 10. Be2 cxd4 11. cxd4 b6 12. Rc1 Bb7 13. d5 Ne5 14. Nd4 e6 15.
dxe6 Bxe4 16. O-O Qd6 17. f3 Bb7 18. f4 Qd5 19. Rf2 fxe6 20. Rc7 Rad8 21. Qb3
Rf7 22. Rxb7 Rxb7 23. fxe5 Qxb3 24. axb3 Bxe5 25. Nc6 Rd5 26. Bg4 Rf7 27. Rd2
Rxd2 28. Bxd2 Bf4 29. Bxe6 Bxd2 30. Ne5 Be3+ 31. Kh1 Kg7 32. Nxf7 Kf6 33. Bd5 a5
34. g3 b5 35. Kg2 a4 36. bxa4 bxa4 37. Kf3 Bc1 38. Ke4 a3 39. Ne5 h5 40. Ba2 Bd2
41. Nf3 Bb4 42. Kd5 Ba5 43. Kc4 Bc7 44. g4 hxg4 45. hxg4 Bf4 46. Kb3 Bd6 47. Bb1
Be7 48. Bd3 Bd6 49. Ba6 Bc5 50. Nd2 Ke5 51. Nc4+ Kf4 52. Bc8 Kg5 53. Nxa3 Kf6
54. Nc4 Bd4 55. Kc2 Bc5 56. Kd3 Bb4 57. Ke4 Bc3 58. Kf3 Bd4 59. Nd2 Bb2 60. Ne4+
Ke5 61. Bd7 Bc1 62. Be8 g5 63. Bg6 Kd4 64. Bf5 Bf4 65. Ke2 Kc4 66. Kd1 Kd4 67.
Kc2 Kc4 68. Nc3 Be5 69. Ne2 Bc7 70. Be6+ Kc5 71. Kd3 Kd6 72. Bf5 Ke5 73. Kc4 Ba5
74. Ng3 Bb6 75. Kb5 Be3 76. Kc6 Bf4 77. Ne4 Be3 78. Kd7 Kf4 79. Ke6 Bb6 80. Kf6
Bd8+ 81. Kg6 Be7 82. Kh5 Bd8 83. Nc5 Ke5 84. Ne6 Be7 85. Nxg5 Kf6 86. Ne4+ Kg7
87. g5 Ba3 88. Be6 Bb2 89. Nd6 Bc3 90. Nf5+ Kh7 91. g6+ Kh8 92. Kg4 Bf6 93. Kf3
Be5 94. Ke4 Bf6 95. Kd5 Bc3 96. Kd6 Bb2 97. Ke7 Bc3 98. Kf7 Bg7 99. Bd5 Bf6 100.
g7+ Bxg7 101. Nxg7 Kh7 102. Kf6 Kh6 103. Nf5+ Kh7 104. Be4 Kg8 105. Nh6+ Kf8
106. Nf7 Ke8 107. Bf5 Kf8 108. Bh7 Ke8 109. Ne5 Kd8 110. Ke6 Kc7 111. Nd7 Kc6
112. Bd3 1-0

[Event "24th Abu Dhabi Masters"]
[Site "Abu Dhabi UAE"]
[Date "2017.08.22"]
[Round "9.7"]
[White "Pantsulaia, Levan"]
[Black "Aryan, Chopra"]
[Result "0-1"]
[WhiteTitle "GM"]
[BlackTitle "GM"]
[WhiteElo "2585"]
[BlackElo "2507"]
[WhiteFideId "13602071"]
[BlackFideId "5084423"]
[EventDate "2017.08.14"]

1. c4 Nf6 2. g3 g6 3. Bg2 Bg7 4. Nc3 O-O 5. d4 d6 6. Nf3 Nc6 7. O-O e5 8. dxe5
dxe5 9. Bg5 Be6 10. Qa4 Qc8 11. Rfd1 Nd7 12. b3 Nc5 13. Qa3 e4 14. Nd4 Nxd4 15.
Qxc5 b6 16. Qxd4 Bxd4 17. Rxd4 f5 18. Rad1 Kg7 19. f3 h6 20. Bf4 g5 21. Be5+ Kg6
22. fxe4 fxe4 23. Bxe4+ Bf5 24. Bxa8 Qxa8 25. g4 Qe8 26. gxf5+ Rxf5 27. e4 Rxe5
28. Rf1 Qe6 29. Rd3 h5 30. Rdf3 c6 31. R1f2 a6 32. a4 Qd6 33. Kg2 g4 34. Rf4 Qd3
35. Ne2 Qh3+ 36. Kg1 Qxb3 37. Rf6+ Kg5 38. Rxc6 h4 39. Nf4 Qd1+ 40. Rf1 Qd4+ 41.
Rf2 Rxe4 42. Rg6+ Kf5 0-1

[Event "24th Abu Dhabi Masters"]
[Site "Abu Dhabi UAE"]
[Date "2017.08.22"]
[Round "9.8"]
[White "Paichadze, Luka"]
[Black "Abdusattorov, Nodirbek"]
[Result "0-1"]
[WhiteTitle "GM"]
[BlackTitle "IM"]
[WhiteElo "2581"]
[BlackElo "2470"]
[WhiteFideId "13602934"]
[BlackFideId "14204118"]
[EventDate "2017.08.14"]

1. e4 e5 2. Nc3 Nf6 3. Bc4 Nc6 4. d3 Na5 5. Qf3 Nxc4 6. dxc4 d6 7. Nge2 Be6 8.
b3 Nd7 9. O-O g6 10. Qg3 Bg7 11. f4 exf4 12. Bxf4 O-O 13. Bg5 f6 14. Be3 Ne5 15.
Nd4 Bd7 16. Rad1 b6 17. h3 c6 18. Bc1 Qc7 19. Ba3 Rad8 20. Rf2 Bc8 21. Rfd2 Bh6
22. Rf2 Bg7 23. Bc1 Rf7 24. Qh4 Qe7 25. Bh6 Bd7 26. Bxg7 Kxg7 27. Qg3 Kh8 28.
Rfd2 Bc8 29. Nce2 Bb7 30. Nf4 a6 31. Qe3 c5 32. Nde2 f5 33. Nc3 g5 34. Nfd5 f4
35. Qf2 Qe6 36. Nxb6 f3 37. g4 h5 38. Nba4 hxg4 39. Nxc5 Qf6 40. Nxb7 Rxb7 41.
hxg4 Rh7 42. Qg3 Rh4 43. Rh2 Qh6 44. Nd5 Rf8 45. Ne3 f2+ 46. Rxf2 Rh1+ 0-1

[Event "24th Abu Dhabi Masters"]
[Site "Abu Dhabi UAE"]
[Date "2017.08.22"]
[Round "9.10"]
[White "Lupulescu, Constantin"]
[Black "Vignesh, N R"]
[Result "1/2-1/2"]
[WhiteTitle "GM"]
[BlackTitle "IM"]
[WhiteElo "2637"]
[BlackElo "2448"]
[WhiteFideId "1207822"]
[BlackFideId "25012215"]
[EventDate "2017.08.14"]

1. d4 d5 2. c4 e6 3. Nc3 Be7 4. Nf3 Nf6 5. Qc2 O-O 6. cxd5 exd5 7. Bg5 c5 8.
dxc5 Qa5 9. e3 Qxc5 10. a3 Be6 11. Bd3 h6 12. Bh4 Nc6 13. b4 Qd6 14. O-O Rac8
15. Qb2 Ne5 16. Nxe5 Qxe5 17. Rac1 Bf5 18. Bg3 Qe6 19. Bxf5 Qxf5 20. Nb5 a6 21.
Nd6 Bxd6 22. Bxd6 Rfe8 23. Bc5 Rc6 24. Bd4 Rec8 25. f3 Qd3 26. Rfd1 Rxc1 27.
Rxc1 Rc4 28. Qa1 Ne8 29. Rd1 Qe2 30. Re1 Qd3 31. Rd1 Qe2 32. Re1 Qd3 1/2-1/2

[Event "24th Abu Dhabi Masters"]
[Site "Abu Dhabi UAE"]
[Date "2017.08.22"]
[Round "9.11"]
[White "Sethuraman, S.P."]
[Black "Golubov, Saveliy"]
[Result "1-0"]
[WhiteTitle "GM"]
[BlackTitle "IM"]
[WhiteElo "2618"]
[BlackElo "2512"]
[WhiteFideId "5021596"]
[BlackFideId "24176729"]
[EventDate "2017.08.14"]

1. e4 e5 2. Nf3 Nc6 3. Bb5 a6 4. Ba4 Nge7 5. d4 exd4 6. c3 g6 7. cxd4 b5 8. Bb3
Bg7 9. d5 Na5 10. Bd2 Nxb3 11. Qxb3 d6 12. Bc3 O-O 13. Bxg7 Kxg7 14. O-O Bb7 15.
Nc3 c6 16. dxc6 Bxc6 17. Rfd1 Qa5 18. Rd4 Rab8 19. Ne2 b4 20. Ng3 Qc5 21. Rad1
a5 22. Rxd6 Bb5 23. Nd4 Be8 24. Qe3 Kh8 25. Qf4 Kg8 26. e5 1-0

[Event "24th Abu Dhabi Masters"]
[Site "Abu Dhabi UAE"]
[Date "2017.08.22"]
[Round "9.12"]
[White "Nihal, Sarin"]
[Black "Hovhannisyan, Robert"]
[Result "1/2-1/2"]
[WhiteTitle "FM"]
[BlackTitle "GM"]
[WhiteElo "2485"]
[BlackElo "2606"]
[WhiteFideId "25092340"]
[BlackFideId "13302507"]
[EventDate "2017.08.14"]

1. d4 d5 2. c4 c6 3. Nf3 Nf6 4. e3 Bg4 5. cxd5 cxd5 6. Nc3 e6 7. Qa4+ Nfd7 8.
Ne5 Bh5 9. g4 Bg6 10. h4 f6 11. Nxg6 hxg6 12. Bd2 Nc6 13. O-O-O Kf7 14. Qc2 Nb4
15. Qb1 Nb6 16. a3 Nc6 17. Bd3 Nc4 18. Bxc4 dxc4 19. Ne2 Bd6 20. f4 Na5 21. Qe4
Nb3+ 22. Kc2 Qd7 23. Bc3 Qc6 24. Qxc6 bxc6 25. e4 Rab8 26. Rh3 f5 27. gxf5 gxf5
28. exf5 exf5 29. d5 Rhe8 30. Nd4 cxd5 31. Nxf5 Re2+ 32. Kb1 Bxa3 33. Rxd5 Nc5
34. Nd6+ Ke6 35. Re5+ Rxe5 36. fxe5 Kd5 37. Kc2 Bb4 38. Nf5 Na4 39. Bxb4 Rxb4
40. b3 Kxe5 41. Nxg7 cxb3+ 42. Rxb3 Rc4+ 43. Kd2 Nc5 44. Ra3 a5 45. Rxa5 Kf6 46.
Nh5+ Kg6 47. Nf4+ Rxf4 1/2-1/2

[Event "24th Abu Dhabi Masters"]
[Site "Abu Dhabi UAE"]
[Date "2017.08.22"]
[Round "9.13"]
[White "Saduakassova, Dinara"]
[Black "Andersen, Mads"]
[Result "1/2-1/2"]
[WhiteTitle "IM"]
[BlackTitle "GM"]
[WhiteElo "2444"]
[BlackElo "2586"]
[WhiteFideId "13700090"]
[BlackFideId "1413864"]
[EventDate "2017.08.14"]

1. d4 Nf6 2. c4 g6 3. g3 c6 4. Bg2 d5 5. Qa4 Bg7 6. Nc3 O-O 7. Nf3 Nfd7 8. cxd5
Nb6 9. Qd1 cxd5 10. O-O Nc6 11. Bf4 Bg4 12. Ne5 Nxe5 13. Bxe5 Bh6 14. a4 Be6 15.
Nb5 Qd7 16. Qd3 Rfc8 17. b3 Bf5 18. e4 Bxe4 19. Bxe4 dxe4 20. Qxe4 a6 21. Na3
Qd5 22. Qh4 Bf8 23. Qg4 Rc3 24. Rfb1 Rxb3 25. Rxb3 Qxb3 26. Rb1 Qxa3 27. Rxb6
Qxa4 28. Qe4 Rc8 29. Bf4 Rd8 30. Be3 Rd7 31. Rxb7 Rxb7 32. Qxb7 Qb5 33. Qc8 g5
34. h4 h6 35. hxg5 hxg5 36. d5 Qb1+ 37. Kh2 Qh7+ 38. Kg1 Qb1+ 39. Kh2 Qg6 40.
Qb7 Kh7 41. Bb6 Qd3 42. Bc5 Qe4 43. Qc8 Kg7 44. Qxa6 Qxd5 45. Be3 e6 46. Qa1+
Kg6 47. Qb1+ Qf5 48. Qb8 Bg7 49. Kg2 Qe4+ 50. Kf1 Qc4+ 51. Kg2 Qd5+ 52. Kf1 Qf5
53. Qg8 Qb5+ 54. Kg2 Qd5+ 55. Kf1 Qh1+ 56. Ke2 Qh5+ 57. Kf1 Kh6 58. Kg2 Qg6 59.
Qd8 Bf6 60. Qf8+ Kh7 61. Kf1 Qd3+ 62. Kg2 Qd5+ 63. Kg1 Qd7 64. Kh2 Qb7 65. Kg1
Qb1+ 66. Kh2 Qg6 67. Kg1 Bg7 68. Qd8 f6 69. Qd7 Qb1+ 70. Kh2 Qf5 71. Qe8 Qg4 72.
Qd7 Kg6 73. Qe8+ Kh6 74. Kg1 Qe4 75. Bc5 Qb1+ 76. Kg2 Qb7+ 77. Kg1 Qb1+ 78. Kg2
Qe4+ 79. Kg1 e5 80. Be3 Qf3 81. Qf7 Qh5 82. Qe6 Qd1+ 83. Kg2 Qd3 84. g4 Qe4+ 85.
Kg3 Qh1 86. f3 Qe1+ 87. Bf2 Qb1 88. Bc5 Qg6 89. Qa2 Kh7 90. Qa7 f5 91. gxf5 Qxf5
92. Be3 e4 93. fxe4 Qe5+ 94. Kf3 g4+ 95. Kxg4 Qxe4+ 96. Bf4 1/2-1/2

[Event "24th Abu Dhabi Masters"]
[Site "Abu Dhabi UAE"]
[Date "2017.08.22"]
[Round "9.14"]
[White "Muradli, Mahammad"]
[Black "Karthikeyan, Murali"]
[Result "0-1"]
[WhiteTitle "FM"]
[BlackTitle "GM"]
[WhiteElo "2357"]
[BlackElo "2579"]
[WhiteFideId "13409301"]
[BlackFideId "5074452"]
[EventDate "2017.08.14"]

1. d4 Nf6 2. c4 g6 3. Nc3 Bg7 4. e4 d6 5. Nf3 O-O 6. Be2 e5 7. Be3 Ng4 8. Bg5 f6
9. Bh4 Nc6 10. d5 Ne7 11. Nd2 f5 12. Bxg4 fxg4 13. Bg5 h6 14. Be3 c5 15. a3 g5
16. O-O Ng6 17. f3 gxf3 18. Rxf3 Nf4 19. g3 Ng6 20. Rxf8+ Nxf8 21. Nf1 Bh3 22.
Bf2 Nh7 23. Ne3 Qd7 24. b4 b6 25. Ra2 Rf8 26. Be1 g4 27. Rf2 Ng5 28. Rxf8+ Bxf8
29. Bf2 Qf7 30. Nf5 Qh5 31. Nh4 Be7 32. Be3 Nf3+ 33. Nxf3 gxf3 34. Qd2 Bd7 35.
Nd1 Qh3 36. Bxh6 Ba4 37. Bg5 Bxd1 38. Bxe7 Kf7 39. Kf2 Qxh2+ 40. Ke3 Qxd2+ 41.
Kxd2 f2 0-1

[Event "24th Abu Dhabi Masters"]
[Site "Abu Dhabi UAE"]
[Date "2017.08.22"]
[Round "9.15"]
[White "Ter-Sahakyan, Samvel"]
[Black "Sardana, Rishi"]
[Result "1/2-1/2"]
[WhiteTitle "GM"]
[BlackTitle "IM"]
[WhiteElo "2577"]
[BlackElo "2386"]
[WhiteFideId "13302531"]
[BlackFideId "25004301"]
[EventDate "2017.08.14"]

1. e4 e5 2. Nf3 Nc6 3. Bb5 a6 4. Ba4 Nf6 5. O-O Be7 6. Re1 b5 7. Bb3 d6 8. c3
O-O 9. h3 Nb8 10. d4 Nbd7 11. Nbd2 Bb7 12. Bc2 Re8 13. Nf1 Bf8 14. Ng3 g6 15. a4
c5 16. d5 c4 17. Bg5 Nc5 18. Qd2 Be7 19. Bh6 Nfd7 20. a5 Bc8 21. Rf1 Nb7 22. Ng5
Ndc5 23. f4 f6 24. fxe5 dxe5 25. Nf3 Bf8 26. Bxf8 Rxf8 27. Qe3 Bd7 28. h4 Kg7
29. h5 Rc8 30. Kf2 g5 31. h6+ Kh8 32. Kg1 Qe7 33. Rf2 Nd6 34. Raf1 Nf7 35. Nh5
Nxh6 36. Nh2 Ng8 37. Qg3 Be8 38. Qh3 Bd7 39. Qg3 Be8 40. Qh3 Bd7 41. Qg3 1/2-1/2

[Event "24th Abu Dhabi Masters"]
[Site "Abu Dhabi UAE"]
[Date "2017.08.22"]
[Round "9.16"]
[White "Gabuzyan, Hovhannes"]
[Black "Fawzy, Adham"]
[Result "1-0"]
[WhiteTitle "GM"]
[BlackTitle "IM"]
[WhiteElo "2566"]
[BlackElo "2422"]
[WhiteFideId "13303732"]
[BlackFideId "10613129"]
[EventDate "2017.08.14"]

1. Nf3 c5 2. e4 d6 3. d4 cxd4 4. Nxd4 Nf6 5. Nc3 g6 6. g3 Bg7 7. Bg2 O-O 8. h3
Bd7 9. Be3 Nc6 10. Nde2 Qc8 11. Rc1 b5 12. b3 Qa6 13. O-O Rac8 14. a4 bxa4 15.
Nxa4 Rc7 16. c4 Rb8 17. Nac3 Qc8 18. Nf4 Rcb7 19. c5 dxc5 20. Na4 e5 21. Nxc5
exf4 22. Bxf4 Bxh3 23. Nxb7 Bxg2 24. Kxg2 Rxb7 25. Qc2 Rb6 26. Rfd1 Qb7 27. Rd6
h5 28. Rxc6 Rxb3 29. Rc8+ Kh7 30. Rc7 Qb6 31. Qc6 Qd4 32. Qc4 Nxe4 33. Qxd4 Bxd4
34. Rxf7+ Kg8 35. Rd7 Bc5 36. Rc4 Nf6 37. Rd8+ 1-0

[Event "24th Abu Dhabi Masters"]
[Site "Abu Dhabi UAE"]
[Date "2017.08.22"]
[Round "9.17"]
[White "Wagner, Dennis"]
[Black "Gagare, Shardul"]
[Result "1/2-1/2"]
[WhiteTitle "GM"]
[BlackTitle "GM"]
[WhiteElo "2563"]
[BlackElo "2467"]
[WhiteFideId "24650684"]
[BlackFideId "5037883"]
[EventDate "2017.08.14"]

1. e4 c5 2. Nf3 e6 3. d4 cxd4 4. Nxd4 a6 5. g3 d5 6. Nb3 Nf6 7. exd5 exd5 8. Bg2
Bg4 9. Qd3 Be7 10. O-O Nc6 11. Nc3 Be6 12. Ne2 Nb4 13. Qd1 O-O 14. c3 Nc6 15.
Ned4 Bg4 16. Qc2 Qd7 17. Re1 Rfe8 18. Bf4 h6 19. Qd3 Bh3 20. Bh1 Bf8 21. Rad1
Nh5 22. Bc1 Ne5 23. Qc2 Nf6 24. Bf4 Ng6 25. Bd2 Ne5 26. Bf4 Ng6 27. Bd2 Ne5 1/2-1/2

[Event "24th Abu Dhabi Masters"]
[Site "Abu Dhabi UAE"]
[Date "2017.08.22"]
[Round "9.18"]
[White "Mekhitarian, Krikor Sevag"]
[Black "Muthaiah, AL"]
[Result "1-0"]
[WhiteTitle "GM"]
[WhiteElo "2534"]
[BlackElo "2292"]
[WhiteFideId "2107660"]
[BlackFideId "5092442"]
[EventDate "2017.08.14"]

1. e4 g6 2. d4 Bg7 3. Nc3 c6 4. f4 d5 5. e5 Nh6 6. Nf3 f6 7. Be3 O-O 8. h3 Qb6
9. Qc1 Nf5 10. Bf2 fxe5 11. dxe5 d4 12. Bd3 c5 13. Ne4 Be6 14. c4 Na6 15. O-O
Nb4 16. Bb1 Rad8 17. Nfg5 Ne3 18. Nxe6 Qxe6 19. Bxe3 dxe3 20. Qxe3 b6 21. a3 Nc6
22. Ng5 Qc8 23. Be4 Nd4 24. Rae1 Bh6 25. Qg3 Nf5 26. Qg4 Nd4 27. Bd5+ Kg7 28.
Ne6+ Nxe6 29. Bxe6 Qc6 30. Bd5 Qd7 31. Qxd7 Rxd7 32. g3 Rdd8 33. h4 Kh8 34. Kg2
Bg7 35. Rd1 Rfe8 36. Kf3 Bf8 37. Be6 Rxd1 38. Rxd1 Rb8 39. b4 Kg7 40. Ke4 Rb7
41. b5 h6 42. Rd8 Rc7 43. Rb8 h5 44. a4 1-0

[Event "24th Abu Dhabi Masters"]
[Site "Abu Dhabi UAE"]
[Date "2017.08.22"]
[Round "9.19"]
[White "Gupta, Abhijeet"]
[Black "Omidi, Arya"]
[Result "1-0"]
[WhiteTitle "GM"]
[WhiteElo "2639"]
[BlackElo "2415"]
[WhiteFideId "5010608"]
[BlackFideId "12508780"]
[EventDate "2017.08.14"]

1. d4 Nf6 2. c4 a6 3. Nc3 c5 4. Nf3 cxd4 5. Nxd4 d5 6. Bf4 e6 7. e3 Be7 8. Qa4+
Qd7 9. Ndb5 O-O 10. Nc7 Ra7 11. N7xd5 exd5 12. Bxb8 Qxa4 13. Nxa4 Bb4+ 14. Nc3
Bxc3+ 15. bxc3 Ra8 16. Be5 Be6 17. cxd5 Nxd5 18. e4 Nb6 19. Bd4 Na4 20. Bd3 Rac8
21. Kd2 Rfd8 22. Rhd1 b5 23. a3 Nb2 24. Re1 Nxd3 25. Kxd3 a5 26. Rab1 Bc4+ 27.
Ke3 a4 28. g4 Re8 29. f3 Rc6 30. h4 Rd6 31. g5 h5 32. Rb2 Red8 33. Kf4 R8d7 34.
Kg3 Re6 35. Kf2 Rd8 36. Ke3 Rde8 37. Rg1 Rd6 38. Rgb1 Bb3 39. Rxb3 axb3 40. Rxb3
Ra6 41. f4 Ra5 42. f5 g6 43. f6 Rc8 44. Kd3 Rca8 45. Bc5 Rd8+ 46. Ke2 Ra4 47.
Bb4 Rc8 48. Rb1 Raa8 49. Rd1 Rd8 50. Rd4 Rac8 51. Kd3 Ra8 52. Rd5 Kh7 53. Be7
Rdb8 54. Rd7 Kg8 55. Kd4 Ra4+ 56. Bb4 Raa8 57. e5 Rc8 58. e6 1-0

[Event "24th Abu Dhabi Masters"]
[Site "Abu Dhabi UAE"]
[Date "2017.08.22"]
[Round "9.20"]
[White "Indjic, Aleksandar"]
[Black "Iniyan, P"]
[Result "1/2-1/2"]
[WhiteTitle "GM"]
[BlackTitle "IM"]
[WhiteElo "2581"]
[BlackElo "2404"]
[WhiteFideId "911925"]
[BlackFideId "25002767"]
[EventDate "2017.08.14"]

1. g3 Nf6 2. Bg2 g6 3. e4 d6 4. d4 Bg7 5. Ne2 O-O 6. O-O e5 7. d5 Nfd7 8. Nbc3
f5 9. exf5 gxf5 10. f4 Nf6 11. fxe5 dxe5 12. h3 Ne8 13. Be3 Nd6 14. Qd3 b6 15.
a4 Ba6 16. Nb5 Nd7 17. c4 e4 18. Qc2 Ne5 19. Nxd6 Qxd6 20. b3 Nf3+ 21. Kf2 Bxa1
22. Rxa1 c6 23. Rd1 Ne5 24. Nf4 cxd5 25. Rxd5 Qe7 26. Qc3 Nc6 27. h4 Rad8 28.
Bh3 Rxd5 29. Nxd5 Qg7 30. Qd2 Na5 31. Bh6 Nxb3 32. Bxg7 Nxd2 33. Bxf8 Kxf8 34.
Bxf5 h6 35. Nc3 Nxc4 36. Bxe4 Nd6 37. Ke3 Bc8 38. Kd4 Nxe4 39. Kxe4 Bd7 40. Ke5
Ke7 41. Nb5 a6 42. Nc3 Kf7 43. Kd6 Ke8 44. Ke5 Kf7 45. Kd6 Ke8 1/2-1/2